Определение интервала корреляции случайного процесса на основе вычисления свертки выборочных функций; Измерительная техника; № 9

Bibliografiske detaljer
Parent link:Измерительная техника=Measurement Techniques: научно-технический журнал/ Российская Федерация, Федеральное агентство по техническому регулированию и метрологии (Ростехрегулирование) (Госстандарт России).— , 1940-1941, 1955-.— 0368-1025
№ 9.— 2002.— С. 7-11
Hovedforfatter: Якимов В. Н.
Sprog:russisk
Udgivet: 2002
Serier:Общие вопросы метрологии и измерительной техники
Fag:
Format: MixedMaterials Book Chapter
KOHA link:https://koha.lib.tpu.ru/cgi-bin/koha/opac-detail.pl?biblionumber=383911

MARC

LEADER 00000naa2a2200000 4500
001 383911
005 20231101063205.0
035 |a (RuTPU)RU\TPU\prd\9994 
090 |a 383911 
100 |a 20030124a2002 k y0rusy50 ca 
101 0 |a rus 
102 |a RU 
200 1 |a Определение интервала корреляции случайного процесса на основе вычисления свертки выборочных функций  |f В. Н. Якимов 
225 1 |a Общие вопросы метрологии и измерительной техники 
320 |a Библиогр.: 4 назв. 
461 1 |0 (RuTPU)RU\TPU\prd\1509  |x 0368-1025  |t Измерительная техника  |l Measurement Techniques  |o научно-технический журнал  |f Российская Федерация, Федеральное агентство по техническому регулированию и метрологии (Ростехрегулирование) (Госстандарт России)  |d 1940-1941, 1955- 
463 1 |0 (RuTPU)RU\TPU\prd\9174  |t № 9  |v С. 7-11  |d 2002 
610 1 |a интервал корреляции 
610 1 |a случайные процессы 
610 1 |a выборочные функции 
610 1 |a временной сдвиг 
610 1 |a интеграл свертки 
610 1 |a сегментация 
610 1 |a знаковое преобразование 
675 |a 519.246.2  |v 3 
700 1 |a Якимов  |b В. Н. 
801 1 |a RU  |b 63413507  |c 20030124  |g PSBO 
801 2 |a RU  |b 63413507  |c 20121217  |g RCR 
942 |c BK